000 00257nam a2200109Ia 4500
008 230303s9999 xx 000 0 und d
041 _aeng
100 _aHIOKI (WARNER)
245 _aTelecommunications
260 _bUPPER SADDLEPRENTICE HALL
365 _cRS
999 _c178890
_d178890